000 00532nam a2200181Ia 4500
005 20250508150937.0
008 008 250505s9999 xx 000 0 eng d
037 _aTextual
040 _aFEDL
_beng
_cFEDL
041 _aeng
_2eng
084 _a739, ARM
_qFEDL
100 _aArmytage Geo J
_9758001
245 0 _aMetalwork : For schools and colleges its principles and practice
260 _aLondon, UK
_bOxford University Press
_c1943
300 _a272p.
942 _cTEXL
_h739, ARM
999 _c1326638
_d1326638